000 00923nam a2200277 i 4500
001 11165
003 ES-MaACL
005 20250930063032.0
008 871030r19951979sp ||||0| spa j ..|
015 _a1988-ENE-1988-DIC-17028
016 7 _zSAB9000004100
020 _a84-206-3055-1
040 _aM-BN-DP
_bspa
_cM-BN-DP
080 _a821.112.2(436)-31"19"
100 1 _aBroch, Hermann,
_d1886-1951
_931828
245 1 3 _aLa muerte de Virgilio /
_cHermann Broch ; [versión de J.M. Ripalda sobre traducción de A. Gregori].
250 _a[1ª ed. en Alianza Tres, 7ª reimp.].
260 _aMadrid :
_bAlianza Editorial,
_c1979 (
_g1995 imp)
300 _a489 p ;
_c20 cm.
490 1 _aAlianza tres ;
_v55
700 1 _aRipalda, José María.
_997416
700 1 _aGregori, A.
_959891
830 0 0 _aAlianza tres
_v55
_9177344
852 _aES-MaACL
_jL-18529
_bR.124612
999 _c11165
_d11165